000 00659nam a22002177a 4500
003 UA-OsUOA
001 123488
007 ta
008 20170619b un ||||| |||| 00| 0 ukr d
100 _aБрага І.
090 _a81
_bБ87
942 _cSA
040 _aUA-OsUOA
_bukr
_cUA-OsUOA
_dUA-OsUOA
245 _a"Перехресні стежки" двох митців: Микола Бажан і Дмитро Шостакович
300 _aС.29-37
955 _a0
041 _aukr
080 _a81
773 0 _w123486
650 7 _a8 Мовознавство. Художня література. Літературознавство
_2UDC
999 _c410553
_d410553